000 00893nam a2200229Ii 4500
003 JO-AjNU
008 230605s9999||||xx |||||||||||||| ||und||
017 _a1993/10/1089
020 _a9957-16-124-5
040 _aJO-AjNU
_bara
_erda
_cJO-AjNU
041 _aara
050 1 4 _aKMM97.S25.2009
100 3 _a سامي ، فوزي محمد ,
_eauthor
_925396
245 0 0 _aشرح القانون التجاري الأوراق التجارية " الجزء الثاني " سند السحب (السفتجة ) . السند لأمر( الكمبيالة ) . الشيك
250 _aط1
264 3 1 _aعمان : دار الثقافة ، 2009
300 _aج2، 320ص
_bيشتمل على قائمة المراجع ص (317-320)
336 _atext
_btxt
_2rdacontent
337 _aunmediated
_bn
_2rdamedia
338 _avolume
_bnc
_2rdacarrier
650 4 _aالقانون التجاري
_925397
999 _aA9493
_c13061
_d13061